The Merry Wives of Windsor Franchise - Statistics

General Stats
  • This quiz has been taken 8 times
  • The average score is 4 of 8
Answer Stats
Type Year Name Info % Correct
Play 1602 The Merry Wives of Windsor William Shakespeare
100%
Opera 1849 The Merry Wives of Windsor Otto Nicolai
100%
Film 1950 The Merry Wives of Windsor Progress Film
100%
Opera 1893 Falstaff Giuseppe Verdi
40%
Opera 1799 Falstaff, or The Three Jokes Antonio Salieri
40%
Musical 2004 Lone Star Love, or, The Merry Wives of Windsor, Texas Jack Herrick
0%
Short Film 1953 Overture to The Merry Wives of Windsor MGM
0%
Opera 1929 Sir John in Love Ralph Vaughan Williams
0%
No matching quizzes found
Score Distribution
Percent of People with Each Score
Percentile by Number Answered
Your Score History
You have not taken this quiz